Llama

Furkejuvvon:
Bibliográfalaš dieđut
Materiálatiipa: Girji
Giella:Undetermined
Almmustuhtton: México, Distrito Federal Mundial 1934
Fáttát:
Fáddágilkorat: Lasit fáddágilkoriid
Eai fáddágilkorat, Lasit vuosttaš fáddágilkora!

MARC

LEADER 00000nam a2200000Ia 4500
008 170316s9999 xx 000 0 und d
040 |a cru BVZT 
090 |a 860 A-30L 
245 |a Llama  |c / Rafael Arévalo Martínez 
260 |a México, Distrito Federal  |b Mundial  |c 1934 
300 |a 149 páginas 
650 |a LITERATURA LATINOAMERICANA  |9 15 
999 |c 8323  |d 8323 
942 |c 15 D  |h 860 A-30L  |2 z